000 00743cab a22001935a 4500
001 L138163
008 070521s2007 xxkeo f 000 0 eng d
035 _a(Sirsi) u138163
041 0 _aeng
100 1 _aKennett, Stephen
245 0 0 _aMaking an entrance
260 _c2007
490 0 _aBuilding Services Journal
_v29(5) May 2007, 33-36(4)
520 _aReports on the building services elements of the University of Portsmouth?s new library extension. In particular, examines the ventilation strategy and other energy efficient aspects of the building. The total building cost was £7m.
590 _aKA
651 4 _aUNITED KINGDOM
690 _aBUILT ENVIRONMENT-BUILDING ELEMENTS-COMPLETE BUILDING SERVICES ELEMENTS
942 _n0
999 _c78806
_d78806